<?xml version="1.0" encoding="UTF-8"?><?xml-stylesheet type="text/xsl" href="static/style.xsl"?><OAI-PMH xmlns="http://www.openarchives.org/OAI/2.0/" xmlns:xsi="http://www.w3.org/2001/XMLSchema-instance" xsi:schemaLocation="http://www.openarchives.org/OAI/2.0/ http://www.openarchives.org/OAI/2.0/OAI-PMH.xsd"><responseDate>2026-06-04T23:34:22Z</responseDate><request verb="GetRecord" identifier="oai:riuma.uma.es:10630/23656" metadataPrefix="marc">https://riuma.uma.es/rest/oai/request</request><GetRecord><record><header><identifier>oai:riuma.uma.es:10630/23656</identifier><datestamp>2026-02-03T10:45:29Z</datestamp><setSpec>com_10630_2499</setSpec><setSpec>com_10630_598</setSpec><setSpec>col_10630_2500</setSpec></header><metadata><record xmlns="http://www.loc.gov/MARC21/slim" xmlns:dcterms="http://purl.org/dc/terms/" xmlns:doc="http://www.lyncode.com/xoai" xmlns:xsi="http://www.w3.org/2001/XMLSchema-instance" xsi:schemaLocation="http://www.loc.gov/MARC21/slim http://www.loc.gov/standards/marcxml/schema/MARC21slim.xsd">
   <leader>00925njm 22002777a 4500</leader>
   <datafield ind2=" " ind1=" " tag="042">
      <subfield code="a">dc</subfield>
   </datafield>
   <datafield ind2=" " ind1=" " tag="720">
      <subfield code="a">Bustamante Rodríguez, Antonio Tomás</subfield>
      <subfield code="e">author</subfield>
   </datafield>
   <datafield ind2=" " ind1=" " tag="720">
      <subfield code="a">Ruiz de Haro, Francisco J.</subfield>
      <subfield code="e">author</subfield>
   </datafield>
   <datafield ind2=" " ind1=" " tag="260">
      <subfield code="c">2012</subfield>
   </datafield>
   <datafield ind2=" " ind1=" " tag="520">
      <subfield code="a">Se estudian los medios disponibles para la creación de un futuro colegio profe-sional de bibliotecarios, archiveros y documentalistas en Andalucía, partiendo de la convergencia de la propia AAB. Para ello, se ha hecho un análisis prospectivo de la situación en España de la colegiación en nuestra profesión, estudiando la viabilidad, los avances y resultados conseguidos hasta el momento en Cataluña y Comunidad Valenciana. De esta forma, se exponen las razones ponderadas para y como constituirse en colegio profesional dentro del marco legal vigente, teniendo en cuenta las dificultades encontradas en las distintas comunidades autónomas de nuestro sector profesional. Se examina concretamente la realidad actual y futura de los profesionales andaluces de la biblioteconomía y la documentación, para redactar finalmente las ventajas que existen en la convergencia de asociación a colegio profesional.</subfield>
   </datafield>
   <datafield ind1="8" ind2=" " tag="024">
      <subfield code="a">Boletín de la Asociación Andaluza de Bibliotecarios, ISSN 0213-6333, Año nº 27, Nº 103, 2012, págs. 112-127</subfield>
   </datafield>
   <datafield ind1="8" ind2=" " tag="024">
      <subfield code="a">0213-6333</subfield>
   </datafield>
   <datafield ind1="8" ind2=" " tag="024">
      <subfield code="a">https://hdl.handle.net/10630/23656</subfield>
   </datafield>
   <datafield tag="653" ind2=" " ind1=" ">
      <subfield code="a">Colegios profesionales</subfield>
   </datafield>
   <datafield tag="653" ind2=" " ind1=" ">
      <subfield code="a">Asociaciones profesionales</subfield>
   </datafield>
   <datafield ind2="0" ind1="0" tag="245">
      <subfield code="a">De asociación a colegio profesional</subfield>
   </datafield>
</record>
</metadata></record></GetRecord></OAI-PMH>